Регионална библиотека "Любен Каравелов" - Русе

Литература (Запис номер 3660)

MARC детайли
000 -Лидер
Контролно поле с фиксирана дължина 01647nam a2200349 c 4500
003 - Код на организацията, давaща контролен номер
Контролно поле BLK
005 - Дата и час на последна редакция
Контролно поле 20180420213719.0
008 - Елементи от данни с фиксирана дължина
fixed length control field 180412b bul|||||r ||||||| ||bul||
010 ## - Наследен системен номер
LC control number KNG00004767000
020 ## - Международен стандартен номер на книга ISBN
Международен стандартен номер на книга ISBN 954-01-0595-1
-- издат.: Просвета
040 ## - Източник на каталожния запис
Идентификатор на билиотеката - собственик на записа BLK
041 ## - Код за език
Код за езика на текст/звукозапис или на отделно заглавие Български
Код за езика КДБФ Български
080 ## - УДК
Текстов определител УДК Възпитание на душевно болни. Аутизъм(пед. аспекти) - Недоразвити, умствено изостанали, идиоти, психопати и др.
УДК код - определител по УДК 376.4
УДК определител (075.2)
УДК - код + определител 376.4(075.2)
100 1# - Редна дума - Автор
Автор Добрев, Златко Иванов
Авторска отговорност първи автор
R(LIN) 242969
139 ## - Редно поле
Редна дума Добрев, Златко Иванов и др.
Авторски знак До - Д 66
245 10 - Сведения за заглавието
Заглавие Литература
Подзаглавни данни Учебник за V кл. на помощните у-ща
Редно поле (дума) Златко Иванов Добрев; съавт. Паско Костов Пасков; съавт. Калинка Стамова Стамова.
257 ## - Страна на издаване
Страна на създаване/издаване България
260 ## - Област на издателските данни
-- София
Име на издателя, разпространителя и проч. Просвета
Година на издаване 1994
Печатница Русе : Дунав прес
300 ## - Физическа характеристика
Страници 134 с.
Илюстрации и др. с ил., портр.
Размери/Мащаб 24 см
380 ## - Жанр
Жанр Обществени науки
650 #4 - Допълнително описание по предмет – тема
Основно описание – тема или топоним Литература - учебници за помощни училища
9 (RLIN) 247623
653 ## - Ключова дума – ненормативна
Ключова дума литература
653 ## - Ключова дума – ненормативна
Ключова дума помощни училища
653 ## - Ключова дума – ненормативна
Ключова дума V кл.
700 1# - Други автори (авторска отговорност)
Лично име Пасков, Паско Костов
Автороска отговорност (Описва отношението между автора и произведението) съавт.
9 (RLIN) 247621
700 1# - Други автори (авторска отговорност)
Лично име Стамова, Калинка Стамова
Автороска отговорност (Описва отношението между автора и произведението) съавт.
9 (RLIN) 247622
852 ## - Местоположение
Форматна сигнатура Цб 182347
856 4# - Електронен адрес и достъп
Електронен формат pdf - файл
Път до файла /url/
856 4# - Електронен адрес и достъп
Електронен формат pdf - файл
Път до файла /url/
942 ## - АРТИКУЛИ
Вид на библиотечния материал Книги
Скрит в OPAC Не
944 ## - СЪЗДАВАНЕ И РЕДАКЦИЯ на ЗАПИСА
Създаване/Редакция Създаване
Дата на регистрацията/редакция 15.01.2003
Служител, извършил регистрацията/редакцията Геновева_Генчева
944 ## - СЪЗДАВАНЕ И РЕДАКЦИЯ на ЗАПИСА
Създаване/Редакция Редакция
Дата на регистрацията/редакция 15.04.2015
Служител, извършил регистрацията/редакцията Милена_Ачева
999 ## - СИСТЕМНИ КОНТРОЛНИ НОМЕРА
Koha biblionumber 3660
Koha biblioitemnumber 3660
Наличности
Код за отписване Код за изгубен артикул Източник на класификационната схема Код за повреда Коз за рестрикции Код за отдаване Артикулен № Име на библиотеката - собственик Име на библиотеката, в която се намира в момента Статус (Текущо местоположение) Дата на вписване в системата Местоположение - отдел Цена в лева Инвентарен номер Систематично азбучна сигнатура Баркод Номер на екземпляра Цена в евро Служебна бележка Служебен тип на артикула
  Не е изгубен Universal Decimal Classification Не е повреден без рестрикции ползва се в читалня 6566 Регионална библиотека "Любен Каравелов" Русе Регионална библиотека "Любен Каравелов" Русе Хранилище 2001-01-01 Хранилище 0.96 607981 Цб 182347 120000607981 1 0.49 Дост: Dp Вид: Д N: 48 Дата: 01.01.1994 Дата инв: 03.12.2014 Бележки инв: Цб2014 Книги
Изтеглен Не е изгубен Universal Decimal Classification Не е повреден без рестрикции заемане за дома 6567 Регионална библиотека "Любен Каравелов" Русе Регионална библиотека "Любен Каравелов" Русе Детски отдел 2001-01-01 Детски отдел 0.96 610309 ДН 37/Д 66 610309 2 0.49 Дата инв: 20.08.2015 Бележки инв: Д2015 Книги
Vip Innovations Ltd, Rousse, Bulgaria 2025